000 00371 a2200169 4500
001 183496
020 _a85-08-08958-9
040 _cMagnum
100 _aMachado, Ana Maria
240 1 0 _aTudo ao mesmo tempo agora
_lpor
245 1 0 _aTudo ao mesmo tempo agora
300 _a154
362 0 _a2005
440 1 _aÁtica
697 _aLITERATURA JUVENIL
942 _cBK
999 _c183496
_d183496